000 01073nam a2200289 4500
001 12143
003 BD-RjUL
005 20211208235237.0
008 140128s1967 us a b 001 0 eng d
035 _aCURL 980067012626(LCo) from jbbc024
_a(BD-RjUL)12192
040 _aBD-RjUL
_beng
_cBD-RjUL
041 _aeng
082 _a591.51
_bBEH
245 0 0 _aBehavior-genetic analysis /
_cEdited by Jerry Hirsch
260 _aNew York :
_bMcGraw-Hill,
_cc1967.
300 _axvii, 522 p :
_billus ;
_c23 cm
490 1 _aMcGraw-Hill series in psychology
500 _aBased on proceedings of 2 conferences held in Aug. 1961 and Aug. 1962, at the Center for Advanced Study in Behavioral Sciences, Stanford, Calif
504 _aIncludes Bibliography: p. 437-489 and index.
650 0 _aBehavior genetics
_937603
700 1 _aHirsch, Jerry.
_937604
710 2 _aCenter for Advanced Study in the Behavioral Sciences (Stanford, Calif.)
_937605
830 0 _aMcGraw-Hill series in psychology
_937609
942 _2ddc
_cBK
999 _c12143
_d12143